Слов'янські держави - Statistics

General Stats
  • This quiz has been taken 3 times
  • The average score is 11 of 13
Answer Stats
Answer % Correct
Україна
100%
Росія
100%
Білорусь
100%
Польща
100%
Чехія
100%
Сербія
100%
Хорватія
100%
Північна Македонія
100%
Словаччина
67%
Чорногорія
67%
Болгарія
67%
Словенія
33%
Боснія і Герцеговина
33%
No matching quizzes found
Score Distribution
Percent of People with Each Score
Percentile by Number Answered
Your Score History
You have not taken this quiz